000 00319nam a2200133Ia 4500
008 200103s9999||||xx |||||||||||||| ||und||
020 _a9789350991039
040 _aIMU-MPC
082 _aColumn-20
100 _aPatel, B. M.
245 0 _aApplied Mathematics - I
260 _bTechnical Publications
_c2013
942 _cBK
999 _c6505
_d6505